[Event "Vaxjo op"]
[Site "Vaxjo"]
[Date "2023.02.10"]
[Round "3"]
[White "Fransson, Patrick"]
[Black "Blomqvist, Erik"]
[Result "0-1"]
[WhiteElo "2126"]
[BlackElo "2510"]
[PlyCount "46"]
[EventDate "2023.02.10"]
[EventType "swiss"]
[EventRounds "8"]
[EventCountry "SWE"]
[SourceTitle "CBM 212 Extra"]
[Source "ChessBase"]
[SourceDate "2023.03.31"]
[SourceVersion "1"]
[SourceVersionDate "2023.03.31"]
[SourceQuality "1"]

1. d4 d5 2. Bg5 f6 3. Bf4 Nc6 4. Nf3 g5 5. Bg3 g4 6. Nh4 f5 7. e3 e5 8. dxe5 Be7 9. h3 Bxh4 10. Bxh4 Qxh4 11. Qxd5 Nge7 12. Qb3 Nxe5 13. Nc3 c6 14. 0-0-0 Qxf2 15. Ne2 Nd5 16. Rxd5 cxd5 17. Qc3 Be6 18. Nf4 Rc8 19. Bb5+ Kf7 20. Qb3 Rxc2+ 21. Qxc2 Rc8 22. Qxc8 Qxe3+ 23. Kb1 Bxc8 0-1

[Event "Vaxjo op"]
[Site "Vaxjo"]
[Date "2022.03.04"]
[Round "4"]
[White "Moborn, Anders"]
[Black "Fransson, Patrick"]
[Result "0-1"]
[WhiteElo "1984"]
[BlackElo "2150"]
[PlyCount "124"]
[EventDate "2022.03.04"]
[EventType "swiss"]
[EventRounds "8"]
[EventCountry "SWE"]
[SourceTitle "EXT 2024"]
[Source "ChessBase"]
[SourceDate "2023.10.10"]
[SourceVersion "1"]
[SourceVersionDate "2023.10.10"]
[SourceQuality "1"]

1. d4 d5 2. c4 c6 3. Nf3 Nf6 4. g3 g6 5. Bg2 Bg7 6. 0-0 0-0 7. Nbd2 Ne4 8. Qb3 Nxd2 9. Bxd2 dxc4 10. Qxc4 Be6 11. Qc3 Na6 12. Ne5 Nc7 13. Be3 Nd5 14. Qa3 f6 15. Nf3 Qd7 16. Bd2 Nb6 17. Bb4 Rfe8 18. e4 a5 19. Bc3 Nc4 20. Qa4 b5 21. Qc2 Qc7 22. Rfd1 Rad8 23. Be1 Bf7 24. Rac1 Bh6 25. Rb1 g5 26. e5 Bg6 27. Qe2 Bxb1 28. Rxb1 Bg7 29. b3 Na3 30. Rc1 Qb6 31. Nd2 Qxd4 32. Bxc6 Rf8 33. Nf3 Qd3 34. Qxd3 Rxd3 35. Bxa5 g4 36. Nh4 Bh6 37. Re1 Nc2 38. Re2 Nd4 39. Bd5+ Kh8 40. Re1 fxe5 41. Be4 Bd2 42. Rd1 Bxa5 43. Rxd3 Bb6 44. Kg2 e6 45. Rd2 b4 46. Bd3 Kg7 47. Bc4 Kf6 48. f3 gxf3+ 49. Nxf3 Nf5 50. Re2 Ne3+ 51. Kh3 Rc8 52. Nd2 Bd4 53. Rf2+ Ke7 54. Re2 Rf8 55. Ne4 Rf5 56. Kh4 Nd5 57. Ng5 Nf6 58. Bd3 Rf1 59. Nxh7 Nd5 60. Ng5 Rf6 61. Kh3 Ne3 62. Nf3 Rxf3 0-1

[Event "SWE-chT 1920 Superettan"]
[Site "Sweden"]
[Date "2019.10.20"]
[Round "3"]
[White "Fransson, Patrick"]
[Black "Gamback, Bjorn"]
[Result "1-0"]
[WhiteElo "2125"]
[BlackElo "2130"]
[PlyCount "117"]
[EventDate "2019.10.18"]
[EventType "team-tourn"]
[EventRounds "9"]
[EventCountry "SWE"]
[SourceTitle "EXT 2023"]
[Source "ChessBase"]
[SourceDate "2022.10.05"]
[SourceVersion "1"]
[SourceVersionDate "2022.10.05"]
[SourceQuality "1"]
[WhiteTeam "Orgryte"]
[BlackTeam "Kristallen"]
[WhiteTeamCountry "SWE"]
[BlackTeamCountry "SWE"]

1. d4 Nf6 2. Bg5 e6 3. e3 b6 4. Nd2 Bb7 5. f4 Be7 6. Bxf6 Bxf6 7. Ngf3 d5 8. Bd3 g6 9. Qe2 Nd7 10. 0-0 Bg7 11. Rae1 0-0 12. g4 f5 13. Qg2 Qe7 14. Kh1 Nf6 15. Ne5 c5 16. c3 cxd4 17. exd4 Ne4 18. Ndf3 fxg4 19. Qxg4 Rf5 20. Nh4 Bxe5 21. dxe5 Rf7 22. Nf3 Raf8 23. Nd4 Nc5 24. Bc2 Bc8 25. Rf3 Rg7 26. h4 Ne4 27. Kg1 Rf5 28. Bxe4 dxe4 29. Rh3 Qf7 30. Rf1 Qd7 31. Rg3 Rh5 32. Kh2 Qd8 33. Kh3 Kh8 34. Rfg1 Rf7 35. Re3 Qd5 36. a3 Re7 37. Reg3 Re8 38. Re3 Ba6 39. Qd1 Bd3 40. Qa4 Qd8 41. Rg4 Qe7 42. Qc6 Kg8 43. Ne2 Bxe2 44. Rxe2 Rd8 45. Qxe4 Kf7 46. Rg5 Rxg5 47. fxg5 Kg8 48. Rf2 Rf8 49. Rf6 Qd7 50. Qd4 Qc6 51. Kh2 Re8 52. Qd3 Qc5 53. Qd4 Qb5 54. Rf2 Qc6 55. Qf4 Qc7 56. Qf6 Qd7 57. h5 gxh5 58. g6 Qg7 59. Qf7+ 1-0

[Event "Deltalift op"]
[Site "Tylosand"]
[Date "2018.05.10"]
[Round "3"]
[White "Akesson, Ralf"]
[Black "Fransson, Patrick"]
[Result "1-0"]
[WhiteElo "2392"]
[BlackElo "2129"]
[PlyCount "75"]
[EventDate "2018.05.10"]
[EventType "swiss"]
[EventRounds "8"]
[EventCountry "SWE"]
[SourceTitle "CBM 184 Extra"]
[Source "ChessBase"]
[SourceDate "2018.06.28"]
[SourceVersion "1"]
[SourceVersionDate "2018.06.28"]
[SourceQuality "1"]

1. Nf3 e6 2. c4 b6 3. e4 Bb7 4. Nc3 c5 5. d4 cxd4 6. Nxd4 Nc6 7. Be3 Nf6 8. f3 Be7 9. Be2 0-0 10. 0-0 d5 11. Nxc6 Bxc6 12. cxd5 exd5 13. e5 Ne8 14. f4 Bc5 15. Bd4 Nc7 16. Kh1 Bxd4 17. Qxd4 Ne6 18. Qg1 d4 19. Nd1 f6 20. Bg4 f5 21. Bf3 Be4 22. g3 Rc8 23. Qg2 Nc5 24. b4 Bxf3 25. Qxf3 Ne4 26. Qd3 Qd5 27. Kg1 Rc4 28. Ne3 Rc3 29. Qxc3 dxe3 30. Qxe3 Rd8 31. Qb3 Qxb3 32. axb3 Rd2 33. Rxa7 Nc3 34. Kh1 Nd1 35. e6 Kf8 36. Rd7 Nf2+ 37. Kg2 Nd3+ 38. Kf3 1-0

[Event "Gothenburg Kvibergspelen"]
[Site "Gothenburg"]
[Date "2018.04.22"]
[Round "7"]
[White "Muntean, Victor"]
[Black "Fransson, Patrick"]
[Result "0-1"]
[WhiteElo "1846"]
[BlackElo "2176"]
[PlyCount "68"]
[EventDate "2018.04.20"]
[EventType "swiss"]
[EventRounds "8"]
[EventCountry "SWE"]
[SourceTitle "CBM 184 Extra"]
[Source "ChessBase"]
[SourceDate "2018.06.28"]
[SourceVersion "1"]
[SourceVersionDate "2018.06.28"]
[SourceQuality "1"]

1. e4 c6 2. d4 d5 3. exd5 cxd5 4. c4 Nf6 5. Nc3 e6 6. Nf3 Nc6 7. c5 Be7 8. a3 Ne4 9. Qc2 f5 10. b4 Bf6 11. Be3 0-0 12. 0-0-0 Bd7 13. b5 Ne7 14. Nxe4 fxe4 15. Nd2 Qa5 16. Qb2 Rac8 17. Nb3 Qa4 18. c6 bxc6 19. Nc5 cxb5 20. Qb4 Qa6 21. Kd2 Qc6 22. Nxd7 Qxd7 23. Bxb5 Qd8 24. Rc1 Nf5 25. Rxc8 Qxc8 26. Rc1 Qd8 27. Ba6 Be7 28. Qa4 Bg5 29. Rc8 Bxe3+ 30. fxe3 Qg5 31. Rxf8+ Kxf8 32. Qb4+ Kf7 33. Qb3 Qxg2+ 34. Kc3 Qf2 0-1

[Event "Gothenburg Kvibergspelen"]
[Site "Gothenburg"]
[Date "2018.04.21"]
[Round "5"]
[White "Troberg Eskola, Love"]
[Black "Fransson, Patrick"]
[Result "1/2-1/2"]
[WhiteElo "2045"]
[BlackElo "2176"]
[PlyCount "77"]
[EventDate "2018.04.20"]
[EventType "swiss"]
[EventRounds "8"]
[EventCountry "SWE"]
[SourceTitle "CBM 184 Extra"]
[Source "ChessBase"]
[SourceDate "2018.06.28"]
[SourceVersion "1"]
[SourceVersionDate "2018.06.28"]
[SourceQuality "1"]

1. e4 e6 2. d4 d5 3. Nd2 Nf6 4. e5 Nfd7 5. Bd3 c5 6. c3 Nc6 7. Ngf3 Be7 8. 0-0 0-0 9. Re1 cxd4 10. cxd4 Re8 11. Nf1 Nf8 12. Bd2 f5 13. exf6 gxf6 14. Bc3 Bd6 15. Ne3 Re7 16. Ng4 Rg7 17. h3 f5 18. Nge5 Ng6 19. Nxg6 hxg6 20. h4 Be7 21. g3 g5 22. Nxg5 Bxg5 23. hxg5 Qxg5 24. Kf1 f4 25. Bd2 e5 26. dxe5 Bh3+ 27. Kg1 Rf8 28. Qf3 Be6 29. Bf1 Qh4 30. Qh1 Qg4 31. Be2 Qf5 32. Qh5 Rg5 33. g4 Rxh5 34. gxf5 Rhxf5 35. f3 Nxe5 36. Kf2 Kf7 37. Rh1 Rg8 38. Rh4 Ng6 39. Rhh1 1/2-1/2

[Event "Gothenburg Kvibergspelen"]
[Site "Gothenburg"]
[Date "2018.04.20"]
[Round "4"]
[White "Fransson, Patrick"]
[Black "Rasti, Arvin"]
[Result "1/2-1/2"]
[WhiteElo "2176"]
[BlackElo "1920"]
[PlyCount "45"]
[EventDate "2018.04.20"]
[EventType "swiss"]
[EventRounds "8"]
[EventCountry "SWE"]
[SourceTitle "CBM 184 Extra"]
[Source "ChessBase"]
[SourceDate "2018.06.28"]
[SourceVersion "1"]
[SourceVersionDate "2018.06.28"]
[SourceQuality "1"]

1. d4 g6 2. Bg5 Bg7 3. e3 d6 4. c3 Nd7 5. Bd3 Ngf6 6. Nd2 0-0 7. h4 h6 8. Bxf6 Nxf6 9. Qc2 e5 10. dxe5 dxe5 11. 0-0-0 Qe7 12. Ne2 Ng4 13. Rdf1 f5 14. Ng3 e4 15. Be2 Ne5 16. f4 exf3 17. gxf3 Qc5 18. f4 Qxe3 19. fxe5 Qxg3 20. Rhg1 Qxe5 21. Bc4+ Kh7 22. Nf3 Qf6 23. Nd4 1/2-1/2

[Event "SWE-chT 1718 Superettan"]
[Site "Sweden"]
[Date "2018.03.18"]
[Round "9.2"]
[White "Fransson, Patrick"]
[Black "Jonsson, Mikael"]
[Result "1/2-1/2"]
[WhiteElo "2132"]
[BlackElo "2250"]
[PlyCount "121"]
[EventDate "2017.10.20"]
[EventType "team-tourn"]
[EventRounds "9"]
[EventCountry "SWE"]
[SourceTitle "EXT 2019"]
[Source "ChessBase"]
[SourceDate "2018.10.10"]
[SourceVersion "1"]
[SourceVersionDate "2018.10.10"]
[SourceQuality "1"]
[WhiteTeam "Orgryte"]
[BlackTeam "Vasteras"]
[WhiteTeamCountry "SWE"]
[BlackTeamCountry "SWE"]

1. d4 d5 2. Bg5 f6 3. Bf4 Nc6 4. Nf3 Bg4 5. Nbd2 Nxd4 6. Nxd4 e5 7. h3 Bh5 8. g4 Bf7 9. e3 exd4 10. exd4 Bd6 11. Be3 Qd7 12. Nb3 0-0-0 13. Qd2 h5 14. Rg1 hxg4 15. hxg4 Qa4 16. a3 Ne7 17. 0-0-0 Bg6 18. Bd3 Bxd3 19. Qxd3 Rh3 20. Rh1 Rdh8 21. Rxh3 Rxh3 22. Qf1 Rh4 23. Qg2 Qc4 24. Qf3 b6 25. Kb1 Kb7 26. Rc1 Qb5 27. Ka2 Qd7 28. Rg1 Kb8 29. Qe2 Qe6 30. Nd2 f5 31. gxf5 Nxf5 32. Nf3 Nxd4 33. Nxd4 Rxd4 34. b3 Rh4 35. Qb5 Qe4 36. Qc6 Be5 37. Kb1 Rh1 38. Rc1 Rxc1+ 39. Kxc1 Bf4 40. Kd2 Bxe3+ 41. fxe3 Qe5 42. Qg6 Kb7 43. Qg4 g5 44. Kd3 a5 45. a4 Kc6 46. Qc8 Qe4+ 47. Kd2 g4 48. c4 g3 49. Qa8+ Kd7 50. cxd5 Qg2+ 51. Kd3 Qf1+ 52. Ke4 g2 53. Qc6+ Kd8 54. d6 cxd6 55. Qxd6+ Ke8 56. Qe6+ Kf8 57. Qh6+ Kf7 58. Qh5+ Kf6 59. Qh6+ Ke7 60. Qg7+ Kd6 61. Qe5+ 1/2-1/2

[Event "Vaxjo op"]
[Site "Vaxjo"]
[Date "2018.02.10"]
[Round "5"]
[White "Fransson, Patrick"]
[Black "Cedervall, Magnus"]
[Result "1-0"]
[WhiteElo "2136"]
[BlackElo "1928"]
[PlyCount "81"]
[EventDate "2018.02.09"]
[EventType "swiss"]
[EventRounds "8"]
[EventCountry "SWE"]
[SourceTitle "CBM 182 Extra"]
[Source "ChessBase"]
[SourceDate "2018.02.23"]
[SourceVersion "1"]
[SourceVersionDate "2018.02.23"]
[SourceQuality "1"]

1. d4 d5 2. Bg5 Nf6 3. e3 c5 4. c3 e6 5. Nd2 Nbd7 6. f4 Be7 7. Bd3 b6 8. Qf3 Bb7 9. Nh3 h6 10. Bxf6 Nxf6 11. 0-0 Qc7 12. Nf2 c4 13. Bc2 a6 14. Rae1 g5 15. f5 0-0-0 16. e4 g4 17. Nxg4 Nxg4 18. Qxg4 Bg5 19. Nf3 Rhg8 20. Nxg5 Rxg5 21. Qf4 Qxf4 22. Rxf4 e5 23. dxe5 dxe4 24. Re2 Rd3 25. g3 Rg8 26. Kf2 Rgd8 27. Bxd3 cxd3 28. Rd2 Re8 29. e6 fxe6 30. f6 Rf8 31. Ke3 Kd7 32. Rdf2 Kd6 33. Rh4 b5 34. Rxh6 b4 35. cxb4 Bd5 36. a3 e5 37. f7+ Ke7 38. Rxa6 Bxf7 39. Raf6 d2 40. Rxf7+ Ke6 41. R2f6+ 1-0

[Event "Vaxjo op"]
[Site "Vaxjo"]
[Date "2018.02.09"]
[Round "4"]
[White "Johansson, Johnny"]
[Black "Fransson, Patrick"]
[Result "1/2-1/2"]
[WhiteElo "1946"]
[BlackElo "2136"]
[PlyCount "106"]
[EventDate "2018.02.09"]
[EventType "swiss"]
[EventRounds "8"]
[EventCountry "SWE"]
[SourceTitle "CBM 182 Extra"]
[Source "ChessBase"]
[SourceDate "2018.02.23"]
[SourceVersion "1"]
[SourceVersionDate "2018.02.23"]
[SourceQuality "1"]

1. e4 c6 2. d3 d5 3. Nd2 g6 4. Ngf3 Bg7 5. g3 Bg4 6. Bg2 e5 7. h3 Be6 8. 0-0 h6 9. Re1 Nd7 10. b3 Ne7 11. Bb2 d4 12. Qe2 0-0 13. a4 c5 14. Nc4 Nc6 15. Nfd2 Qc7 16. Rf1 Rae8 17. Qd1 f5 18. exf5 gxf5 19. Re1 Bf7 20. a5 Nf6 21. Nf3 Nd5 22. Nh4 Be6 23. Qf3 Ndb4 24. Qd1 Bd5 25. Bxd5+ Nxd5 26. Qf3 Qd7 27. Ng2 Qf7 28. Nd6 Qe6 29. Nxe8 Rxe8 30. Nh4 Nce7 31. Ng2 Ng6 32. Qd1 Rf8 33. f3 Qf6 34. Qd2 h5 35. f4 exf4 36. Nxf4 Ndxf4 37. gxf4 Qh4 38. Rf1 Bh6 39. Bc1 Kh7 40. Kh2 Rg8 41. Qf2 Qf6 42. Bd2 Qc6 43. Rg1 Qd6 44. Raf1 Re8 45. Qf3 Qe6 46. Qxb7+ Re7 47. Qf3 Nh4 48. Qf2 Qf6 49. Re1 Rf7 50. Re2 Ng6 51. Ree1 Qd6 52. Rgf1 Rg7 53. Re2 Qf6 1/2-1/2

[Event "SWE-chT 1718 Superettan"]
[Site "Sweden"]
[Date "2018.02.03"]
[Round "5.2"]
[White "Borvander, Tom"]
[Black "Fransson, Patrick"]
[Result "0-1"]
[WhiteElo "2145"]
[BlackElo "2132"]
[PlyCount "120"]
[EventDate "2017.10.20"]
[EventType "team-tourn"]
[EventRounds "9"]
[EventCountry "SWE"]
[SourceTitle "EXT 2019"]
[Source "ChessBase"]
[SourceDate "2018.10.10"]
[SourceVersion "1"]
[SourceVersionDate "2018.10.10"]
[SourceQuality "1"]
[WhiteTeam "Kamraterna"]
[BlackTeam "Orgryte"]
[WhiteTeamCountry "SWE"]
[BlackTeamCountry "SWE"]

1. d4 f5 2. g3 Nf6 3. Bg2 d6 4. Nf3 g6 5. 0-0 Bg7 6. c4 0-0 7. Nc3 Qe8 8. Nd5 Nxd5 9. cxd5 h6 10. Qb3 Qf7 11. Rd1 Nd7 12. a4 Nb6 13. a5 Nd7 14. Ra3 Nf6 15. Ne1 a6 16. Nd3 g5 17. e3 Rb8 18. Nb4 Bd7 19. Qc2 Rbc8 20. Rc3 Qh5 21. Re1 Ne8 22. Qd1 Qf7 23. Bf3 Bb5 24. Qd2 Nf6 25. Qc2 Ne8 26. Rd1 Kh8 27. b3 Bd7 28. Kh1 e5 29. dxe6 Bxe6 30. d5 Bd7 31. Rcd3 Nf6 32. Bb2 Ng4 33. Bxg7+ Kxg7 34. Rc3 Qh5 35. Bxg4 Qxg4 36. Rd4 Qh3 37. Kg1 Bb5 38. Nd3 Rf7 39. Qc1 Qh5 40. Kg2 c5 41. Ne1 Qe2 42. Nf3 cxd4 43. Rxc8 dxe3 44. Rc2 Qd3 45. Rc3 Qxd5 46. Qxe3 Bc6 47. Rd3 Qxa5 48. Qd4+ Qe5 49. Kg1 Bxf3 50. Qxe5+ dxe5 51. Rxf3 Kf6 52. Rc3 Rd7 53. Kg2 e4 54. Rc4 Rd3 55. b4 Rb3 56. g4 Ke6 57. gxf5+ Kxf5 58. h3 Kf4 59. Rd4 Ke5 60. Rc4 Kd5 0-1

[Event "Malmo op"]
[Site "Malmo"]
[Date "2017.12.16"]
[Round "3"]
[White "Johansson, Linus"]
[Black "Fransson, Patrick"]
[Result "1-0"]
[WhiteElo "2469"]
[BlackElo "2138"]
[PlyCount "81"]
[EventDate "2017.12.15"]
[EventType "swiss"]
[EventRounds "8"]
[EventCountry "SWE"]
[SourceTitle "CBM 182 Extra"]
[Source "ChessBase"]
[SourceDate "2018.02.23"]
[SourceVersion "1"]
[SourceVersionDate "2018.02.23"]
[SourceQuality "1"]

1. c4 Nf6 2. Nf3 e6 3. g3 d5 4. Bg2 Be7 5. 0-0 0-0 6. b3 b6 7. Bb2 Bb7 8. d3 Nbd7 9. Nbd2 c5 10. cxd5 exd5 11. d4 Re8 12. Ne5 Nxe5 13. dxe5 Nd7 14. Nc4 dxc4 15. Bxb7 Rb8 16. Bc6 Nf8 17. Bxe8 Qxe8 18. bxc4 b5 19. cxb5 Qxb5 20. Bc3 Qa6 21. Rb1 Rc8 22. Qc2 h5 23. Qe4 Ng6 24. e6 Qxe6 25. Qxe6 fxe6 26. Rb7 Bf6 27. Rc1 h4 28. Rxa7 Ne5 29. gxh4 Nc6 30. Ra4 Be7 31. Rd1 Bf8 32. Rd7 Nb4 33. Raa7 Nd5 34. Bxg7 c4 35. Bxf8 Kxf8 36. Rh7 Kg8 37. Rag7+ Kf8 38. Rh8+ Kxg7 39. Rxc8 c3 40. e4 Nf4 41. Kf1 1-0

[Event "SWE-chT 1718 Superettan"]
[Site "Sweden"]
[Date "2017.10.20"]
[Round "1"]
[White "Fransson, Patrick"]
[Black "Hesselborn, Per Ove"]
[Result "1-0"]
[WhiteElo "2132"]
[BlackElo "2161"]
[PlyCount "85"]
[EventDate "2017.10.20"]
[EventType "team-tourn"]
[EventRounds "9"]
[EventCountry "SWE"]
[SourceTitle "EXT 2019"]
[Source "ChessBase"]
[SourceDate "2018.10.10"]
[SourceVersion "1"]
[SourceVersionDate "2018.10.10"]
[SourceQuality "1"]
[WhiteTeam "Orgryte"]
[BlackTeam "Kristallens"]
[WhiteTeamCountry "SWE"]
[BlackTeamCountry "SWE"]

1. d4 g6 2. e4 d6 3. c4 Bg7 4. Be3 e5 5. d5 a5 6. Nc3 Nd7 7. Qd2 f5 8. f3 Bh6 9. 0-0-0 Bxe3 10. Qxe3 Nc5 11. Bd3 Bd7 12. Nge2 f4 13. Qf2 Qg5 14. Bc2 Nf6 15. Kb1 0-0 16. Nc1 Nh5 17. Nd3 b6 18. Nxc5 bxc5 19. Ba4 Bxa4 20. Nxa4 Qd8 21. Nc3 a4 22. Nb5 Nf6 23. Qh4 Ne8 24. Qxd8 Rxd8 25. Rd3 Ra8 26. Ra3 Kf7 27. Nc3 g5 28. Kc2 Nf6 29. h3 h5 30. Rxa4 Rxa4 31. Nxa4 Rg8 32. Nc3 Ke7 33. Nb5 Kd7 34. a4 g4 35. hxg4 hxg4 36. Rh6 Ne8 37. a5 Kc8 38. a6 gxf3 39. gxf3 Rf8 40. Re6 Kb8 41. a7+ Kb7 42. a8Q+ Kxa8 43. Rxe8+ 1-0

[Event "SWE Cup"]
[Site "Sweden"]
[Date "2017.03.25"]
[Round "8.5"]
[White "Bit Narva, David"]
[Black "Fransson, Patrick"]
[Result "1/2-1/2"]
[WhiteElo "2019"]
[BlackElo "2117"]
[PlyCount "60"]
[EventDate "2017.01.14"]
[EventType "team-tourn"]
[EventRounds "9"]
[EventCountry "SWE"]
[SourceTitle "EXT 2018"]
[Source "ChessBase"]
[SourceDate "2017.10.13"]
[SourceVersion "1"]
[SourceVersionDate "2017.10.13"]
[SourceQuality "1"]
[WhiteTeam "Stockholm Rockaden II"]
[BlackTeam "Orgryte"]
[WhiteTeamCountry "SWE"]
[BlackTeamCountry "SWE"]

1. e4 c6 2. d4 d5 3. exd5 cxd5 4. Bd3 Nc6 5. c3 Nf6 6. h3 e6 7. Bf4 Bd6 8. Bxd6 Qxd6 9. Nf3 0-0 10. 0-0 e5 11. dxe5 Nxe5 12. Nxe5 Qxe5 13. Nd2 Bd7 14. Nf3 Qd6 15. Bc2 b5 16. Qd4 a5 17. Ne5 Rab8 18. Nxd7 Qxd7 19. Rfd1 Rfd8 20. Qf4 Qc6 21. Rac1 Qc4 22. Qxc4 bxc4 23. b3 Rbc8 24. Rd4 Re8 25. Kf1 Kf8 26. Bd1 Re5 27. Bf3 Ke7 28. Rcd1 cxb3 29. axb3 Rxc3 30. Bxd5 Nxd5 1/2-1/2

[Event "SWE Cup"]
[Site "Sweden"]
[Date "2017.01.14"]
[Round "4.1"]
[White "Fransson, Patrick"]
[Black "Hamark, Jesper"]
[Result "0-1"]
[WhiteElo "2117"]
[BlackElo "2288"]
[PlyCount "72"]
[EventDate "2017.01.14"]
[EventType "team-tourn"]
[EventRounds "9"]
[EventCountry "SWE"]
[SourceTitle "EXT 2018"]
[Source "ChessBase"]
[SourceDate "2017.10.13"]
[SourceVersion "1"]
[SourceVersionDate "2017.10.13"]
[SourceQuality "1"]
[WhiteTeam "Orgryte"]
[BlackTeam "Kamraterna"]
[WhiteTeamCountry "SWE"]
[BlackTeamCountry "SWE"]

1. d4 d5 2. Bg5 Nf6 3. e3 c5 4. c3 Ne4 5. Bf4 Qb6 6. f3 Nf6 7. Qc2 Nc6 8. Nd2 g6 9. Bd3 Bg7 10. g4 0-0 11. dxc5 Qxc5 12. Nb3 Qb6 13. Qd2 e5 14. Bg3 e4 15. g5 exd3 16. gxf6 Bxf6 17. Qxd3 Bf5 18. Qd2 Rfe8 19. Kf2 Ne5 20. Bxe5 Rxe5 21. Ne2 Rae8 22. Nbd4 Bd7 23. Rhe1 Bg7 24. Ng3 h5 25. f4 R5e7 26. Re2 h4 27. Nf1 Bg4 28. Ree1 Re4 29. Kg2 g5 30. h3 Bh5 31. Kh2 gxf4 32. Nf5 Be5 33. Qxd5 fxe3+ 34. N1g3 Bxg3+ 35. Nxg3 hxg3+ 36. Kxg3 R8e5 0-1

[Event "SWE-chT2 1617"]
[Site "Sweden"]
[Date "2016.10.16"]
[Round "3.1"]
[White "Fransson, Patrick"]
[Black "Kretz, Johan"]
[Result "1-0"]
[WhiteElo "2117"]
[BlackElo "2205"]
[PlyCount "83"]
[EventDate "2016.10.14"]
[EventType "team-tourn"]
[EventRounds "9"]
[EventCountry "SWE"]
[SourceTitle "EXT 2017"]
[Source "ChessBase"]
[SourceDate "2016.10.25"]
[SourceVersion "1"]
[SourceVersionDate "2016.10.25"]
[SourceQuality "1"]
[WhiteTeam "Orgryte"]
[BlackTeam "Vasteras"]
[WhiteTeamCountry "SWE"]
[BlackTeamCountry "SWE"]

1. d4 Nf6 2. Bg5 e6 3. e3 c5 4. c3 cxd4 5. exd4 Qb6 6. Qc2 d5 7. Nd2 Bd7 8. Ngf3 Nc6 9. Bd3 Rc8 10. a3 Bd6 11. 0-0 Ng4 12. Rae1 h6 13. Be3 0-0 14. h3 Nxe3 15. Rxe3 Qc7 16. Qd1 Bf4 17. Re2 a6 18. Rfe1 Na5 19. Nf1 Bb5 20. Bxb5 axb5 21. g3 Bd6 22. Kg2 Qc4 23. Ne3 Qb3 24. Qb1 Nc4 25. Ng4 Rc7 26. Nge5 Rfc8 27. g4 Nxe5 28. Nxe5 Be7 29. f4 Bd6 30. g5 hxg5 31. fxg5 Bxe5 32. Rxe5 g6 33. h4 Kg7 34. h5 gxh5 35. g6 Rg8 36. Qc1 Kf8 37. Qh6+ Ke8 38. g7 Qxb2+ 39. R1e2 Qxa3 40. Qh7 Qf8 41. Rg5 Rxg7 42. Rxg7 1-0

[Event "SWE-chT 1516 Superettan"]
[Site "Sweden"]
[Date "2016.02.27"]
[Round "6"]
[White "Fransson, Patrick"]
[Black "Madebrink, Lars"]
[Result "0-1"]
[WhiteElo "2108"]
[BlackElo "2195"]
[PlyCount "142"]
[EventDate "2015.11.06"]
[EventType "team-tourn"]
[EventRounds "9"]
[EventCountry "SWE"]
[SourceTitle "EXT 2018"]
[Source "ChessBase"]
[SourceDate "2017.10.13"]
[SourceVersion "1"]
[SourceVersionDate "2017.10.13"]
[SourceQuality "1"]
[WhiteTeam "Orgryte"]
[BlackTeam "Kamraterna"]
[WhiteTeamCountry "SWE"]
[BlackTeamCountry "SWE"]

1. d4 d5 2. Bg5 c6 3. c3 Bf5 4. e3 h6 5. Bf4 Nf6 6. Bd3 Bxd3 7. Qxd3 e6 8. Nd2 Bd6 9. Bg3 Qe7 10. Ne2 Nbd7 11. c4 0-0 12. f4 c5 13. Bh4 cxd4 14. exd4 dxc4 15. Nxc4 Bb4+ 16. Nc3 Rfd8 17. 0-0 Nb6 18. Nxb6 axb6 19. Kh1 Bc5 20. Ne2 Rd5 21. Qc4 b5 22. Qb3 Bxd4 23. Nxd4 Rxd4 24. Bxf6 Qxf6 25. f5 b4 26. fxe6 Qxe6 27. Qf3 Qd5 28. h3 Re8 29. Qxd5 Rxd5 30. Rf4 Re2 31. b3 Rdd2 32. Rg1 Rxa2 33. Rxb4 Re7 34. Rc1 h5 35. Rc8+ Kh7 36. Rc5 g6 37. Rcb5 Re1+ 38. Kh2 Ree2 39. Rg5 Kh6 40. h4 f6 41. Rg3 Re7 42. Rd3 Rae2 43. Rd6 R2e4 44. Rdb6 f5 45. Kh3 Rxb4 46. Rxb4 Re3+ 47. Kh2 Re4 48. Rxb7 Rxh4+ 49. Kg3 Rd4 50. Rb6 h4+ 51. Kf3 Kg5 52. Ke3 Rg4 53. Kf2 Rg3 54. Rb4 Rc3 55. Rb6 h3 56. gxh3 Rxh3 57. Ke2 f4 58. b4 Kf5 59. Rb8 g5 60. b5 Rh2+ 61. Kd3 Kg4 62. b6 Rb2 63. b7 f3 64. Ke3 Rb4 65. Kf2 Rb3 66. Ke1 Rb2 67. Kd1 f2 68. Rf8 Kg3 69. Rf5 g4 70. b8Q+ Rxb8 71. Ke2 Re8+ 0-1

[Event "Vaxjo op"]
[Site "Vaxjo"]
[Date "2016.02.19"]
[Round "3"]
[White "Fransson, Patrick"]
[Black "Bellon Lopez, Juan Manuel"]
[Result "1/2-1/2"]
[WhiteElo "2108"]
[BlackElo "2376"]
[PlyCount "109"]
[EventDate "2016.02.19"]
[EventType "swiss"]
[EventRounds "8"]
[EventCountry "SWE"]
[SourceTitle "CBM 170 Extra"]
[Source "ChessBase"]
[SourceDate "2016.02.25"]
[SourceVersion "1"]
[SourceVersionDate "2016.02.25"]
[SourceQuality "1"]

1. d4 Nf6 2. Bg5 c5 3. d5 Ne4 4. h4 Qb6 5. Nd2 Nxg5 6. hxg5 Qxb2 7. g6 fxg6 8. e4 d6 9. Bc4 Nd7 10. Ngf3 a6 11. a4 Qf6 12. Rb1 g5 13. 0-0 h5 14. e5 Nxe5 15. Nxe5 Qxe5 16. Re1 Qf4 17. Re4 Qf6 18. Rb3 g4 19. Qe2 g6 20. Ree3 h4 21. Rb1 Kd8 22. Ne4 Qf4 23. Qd2 a5 24. Qc3 Rh5 25. Qb3 Ke8 26. g3 hxg3 27. fxg3 Qe5 28. Nf2 Qh8 29. Rf1 Rf5 30. Bd3 Bh6 31. Bxf5 gxf5 32. Re2 Bg5 33. Qb5+ Kf8 34. Qd3 Qd4 35. Qxd4 cxd4 36. Nxg4 Bd7 37. Ra1 fxg4 38. Re4 Be3+ 39. Kg2 Bf5 40. Rf1 Rc8 41. Rxf5+ Ke8 42. Rh5 Rxc2+ 43. Kf1 Kd7 44. Rh7 Bg5 45. Rxd4 Bf6 46. Rxg4 Rd2 47. Rh5 Kc7 48. Rc4+ Kb6 49. Ke1 Rg2 50. g4 Ka6 51. Kf1 Rd2 52. Ke1 Rg2 53. Kf1 Rd2 54. Ke1 Rg2 55. Kf1 1/2-1/2

[Event "Vaxjo op"]
[Site "Vaxjo"]
[Date "2016.02.19"]
[Round "2"]
[White "Johansson, Johnny"]
[Black "Fransson, Patrick"]
[Result "0-1"]
[WhiteElo "1913"]
[BlackElo "2108"]
[PlyCount "83"]
[EventDate "2016.02.19"]
[EventType "swiss"]
[EventRounds "8"]
[EventCountry "SWE"]
[SourceTitle "CBM 170 Extra"]
[Source "ChessBase"]
[SourceDate "2016.02.25"]
[SourceVersion "1"]
[SourceVersionDate "2016.02.25"]
[SourceQuality "1"]

1. e4 e6 2. d3 d5 3. Qe2 Nf6 4. Nf3 c5 5. g3 Nc6 6. Bg2 Be7 7. 0-0 0-0 8. e5 Nd7 9. c4 d4 10. Re1 Rb8 11. Nbd2 a6 12. Nf1 b5 13. b3 a5 14. h4 a4 15. Bf4 bxc4 16. bxc4 Bb7 17. a3 Na5 18. N1h2 Nb3 19. Rab1 Qa5 20. h5 Ba8 21. Nd2 Bxg2 22. Kxg2 Rb7 23. Ne4 Qc7 24. Nf3 Qc6 25. Qc2 Rfb8 26. Kg1 Rb6 27. h6 g6 28. Nh2 Na5 29. Ng4 Rb3 30. Rxb3 axb3 31. Qd2 Qa4 32. Qb2 Nc6 33. Nef6+ Bxf6 34. exf6 Rb7 35. Rb1 Qa5 36. Bd2 Qd8 37. Kh2 Nxf6 38. Nxf6+ Qxf6 39. Kg2 Ne5 40. Qc1 Qf3+ 41. Kg1 Qxd3 42. Qd1 0-1